| 000 | 00579nam a22001937a 4500 | ||
|---|---|---|---|
| 999 |
_c14869 _d14869 |
||
| 003 | AR-CdUCM | ||
| 008 | 190424b ||||| |||| 00| 0 spa d | ||
| 020 | _a978-84-9825-453-2 | ||
| 040 |
_aMUNICIPALIDAD PROVINCIAL DEL CUSCO _cBIBLIOTECA MUNICIPAL DEL CUSCO |
||
| 082 |
_aPI / 808.8 / _bG25 |
||
| 245 |
_aRosa : _bUna rosa negra / |
||
| 260 |
_aBarcelona : _bCombel, _c2009. |
||
| 300 |
_a6 paginas : _bFotografías, _c17 cm. |
||
| 650 |
_aLiteratura infantil _9588 |
||
| 650 |
_aHistoria _9246 |
||
| 650 |
_aRacismo _93784 |
||
| 942 |
_2ddc _cLIBROS |
||
| 945 |
_adavv _d24/04/2019 |
||